LEADER 05259nam 2200661 a 450 001 9910825984503321 005 20230725025756.0 010 $a1-282-94413-4 010 $a9786612944130 010 $a1-118-25580-1 010 $a1-118-00831-6 010 $a1-118-00833-2 035 $a(CKB)2670000000061027 035 $a(EBL)694289 035 $a(OCoLC)732958481 035 $a(SSID)ssj0000475455 035 $a(PQKBManifestationID)11304147 035 $a(PQKBTitleCode)TC0000475455 035 $a(PQKBWorkID)10480403 035 $a(PQKB)10604090 035 $a(MiAaPQ)EBC694289 035 $a(Au-PeEL)EBL694289 035 $a(CaPaEBR)ebr10469690 035 $a(CaONFJC)MIL294413 035 $a(EXLCZ)992670000000061027 100 $a20100713d2011 uy 0 101 0 $aeng 135 $aurcn||||||||| 181 $ctxt 182 $cc 183 $acr 200 10$aSecurity 2020 $ereduce security risks this decade /$fDoug Howard and Kevin Prince 205 $a1st ed. 210 $aIndianapolis, Ind. $cWiley Pub.$dc2011 215 $a1 online resource (338 p.) 300 $aIncludes index. 311 $a0-470-63955-5 327 $aSecurity 2020; Contents; Foreword; Introduction; Chapter 1 What Has History Shown Us?; The History of Data Breach Disclosure; The History of Vulnerability Exploits; The History of Viruses and Worms; The History of Edge-Based Security; The History of Patching; Hacker Methodologies; Inbound Attacks; The History of Malware; Automated Attacks; The History of Hacker Motivation; The History of Botnets; The History of Search Engine Hacking; The History of Data Loss; The History of Security Solutions; The Making of a Cyber-Super-Villain; The Botnet in Action; Hindsight is NOT 20/20 327 $aChapter 2 External Influences on Security Information Security Drivers; The Emotions; World Events; The Impact of Politics; The Impact on Journalism; The Social Engineer; GRC; Litigation; Breach Impact on Public Companies; The Security Culture; The Path to 2020; Chapter 3 Technology Influences on Security; The Movement Toward National Identity Management; Internet Protocol in 2020; 2020: Remote Access Continues to Be a Problem; The Search Engine Impact; The Web Services Impact; The Impact of Virtualization; The Malware Problem; The Web Browser; The Portable Media Debacle, A.K.A. Mobility 327 $aAdvanced Persistent Threat in 2020 The Network Edge; The Security Software Vendor; Personal Information and Data Correlation; The Domain Name; Chapter 4 Where Security Threats Will Come from in the Future; Spam; Botnets; The Ph-enomenon: Why so many attack methods start with "Ph"; Phishing, Pharming, SMSishing, Vishing; Vulnerability Exploits; Insider Threats; Mobility Threats; Infected Software; Peer-to-Peer (P2P) Software; Third-Party Threats; Social Networking Threats; Digitization; Star Wars; Infrastructure Attacks; Social and Financial Threats; Website Middleware Threats 327 $aDoppelganger Attacks Chapter 5 Secure Communications and Collaboration; Email, Instant Messaging, and SMS; Online Webinars and Collaboration Tools; Voice over IP; Video over IP; Storage and Retention of User-Generated Content; Digital Rights Management and Content Protection; Digital Rights Management; Watermarking; UCC and UCC Compliance Requirements over the Next Decade; Chapter 6 2020 Revolution or Evolution?; IT Security Revolution; The Missing Deterrent; Security in 20/20 Hindsight; Intrusion Detection Systems, Intrusion Protection Systems, and Data Loss Prevention in 20/20 Hindsight 327 $aIdentity Management/Network Access Control/Single Sign-on Mobility/Wireless/Ultra-Mobile; SaaS and Cloud Computing; Testing Your Information Protection: Penetration Test/Vulnerability Test/Risk Assessments; Chapter 7 Security as a Business Now and Then; The Purpose of IT; Evolving Purpose into Action; The Map to Success; The Relationship: Security and Luck; Security: An Industry or a Feature of IT?; Consolidation of the IT Security Industry; Buying Security: Defining the Value; Budgets and Prioritizations; Venture Capital and Investment in IT Security 327 $aChapter 8 Impact of the Economy over the Next 10 Years 330 $aIdentify real security risks and skip the hype After years of focusing on IT security, we find that hackers are as active and effective as ever. This book gives application developers, networking and security professionals, those that create standards, and CIOs a straightforward look at the reality of today's IT security and a sobering forecast of what to expect in the next decade. It debunks the media hype and unnecessary concerns while focusing on the knowledge you need to combat and prioritize the actual risks of today and beyond.IT security needs are constantly evolving; 606 $aComputer security 606 $aComputer security$xForecasting 615 0$aComputer security. 615 0$aComputer security$xForecasting. 676 $a005.8 700 $aHoward$b Doug$01640367 701 $aPrince$b Kevin$01640368 801 0$bMiAaPQ 801 1$bMiAaPQ 801 2$bMiAaPQ 906 $aBOOK 912 $a9910825984503321 996 $aSecurity 2020$93983878 997 $aUNINA LEADER 06493nam 22006375 450 001 9911040913103321 005 20260128141452.0 010 $a3-032-00313-X 024 7 $a10.1007/978-3-032-00313-3 035 $a(CKB)42609452400041 035 $a(DE-He213)978-3-032-00313-3 035 $a(MiAaPQ)EBC32408450 035 $a(Au-PeEL)EBL32408450 035 $a(EXLCZ)9942609452400041 100 $a20251110d2025 u| 0 101 0 $aeng 135 $aur||||||||||| 181 $ctxt$2rdacontent 182 $cc$2rdamedia 183 $acr$2rdacarrier 200 14$aThe Palgrave handbook of human-animal interactions in the global context of climate change, disasters, and other crises /$fedited by Haorui Wu, Kyle Breen, Sarah E. DeYoung 205 $a1st ed. 2025. 210 1$aCham :$cSpringer Nature Switzerland :$cImprint: Palgrave Macmillan,$d2025. 215 $a1 online resource (XXX, 647 p. 26 illus.) 225 1 $aSocial Sciences Series 311 08$a3-032-00312-1 327 $a1. Introduction: Human-Animal-Environment Nexus Associated with Extreme Events -- 2. Conceptualizing Human-Animal Interactions in the Global Context of Climate Change, Disaster, and Other Crises -- Part I Mitigation -- 3. Human-Wildlife Conflict in Mozambique, South Africa, and Zimbabwe: More Than Just a Conservation Concern -- 4. Working Equids in Disasters: Local Concerns and Inspirations -- 5. The Working Dog: A Canine Multi-tool that Assists in Rescue, Disease, and Conservation Initiatives -- 6. Human-Cow Encounters Under Climate Change in Nigeria: The Entanglements of Violence, Politics, and Environment Contestation -- 7. Human-Animal Interactions in Disaster Management: Insights from Pakistan and the Global South -- Part II Preparedness -- 8. A One Health View of Zoonotic Disease Dynamics Through Animal and Vector Movement Due to Climate Change -- 9. Disaster Preparedness and Response for Companion Animals in Japan -- 10. Assessing the Vulnerability of Agricultural Operations -- 11. Exploring the Human-Animal Bond and Climate Risk: A Path Forward? -- Part III Emergency Response -- 12. Experiences of People with (dis)Abilities Living with Companion Animals During the Public Health Emergency of COVID-19: A Comparative Case Study of Xi?an, China, and Vancouver, Canada -- 13. The Rise of Animal Emergency Management in Australia -- 14. Guidance for Canada?s Wildfire Emergency Response Efforts: Learning from Volunteer Therapy Dog Program Support During Saskatchewan Crises -- 15. Building Risk Communication Capacity for Veterinary Professionals: Insights from Teaching Strategies and Veterinary Practitioners -- 16. Policies and Considerations of Human-Animal Cohabitating and Co-locating in Emergencies: How Colorado Policy Prioritizing the Human-Animal Relationship Is Changing the Conversation of Emergency Planning in Colorado -- Part IV Reconstruction and Recovery -- 17. Social Constructions of Memorialization of Animals in Disasters -- 18. Organizing Ecologies of (Human) Abandonment on Portuguese Wildfires -- 19. A Critical Analysis of Service Dogs Within Canine-Assisted Interventions for PTSD -- 20. (Dis)counting Animals: Media Coverage of Disasters -- 21. The Impacts of Human-Animal Interaction (HAI) on COVID-19 Recovery in Communities: A Scoping Review -- 22. Conclusion. 330 $aThe increasing frequency, scope, and magnitude of global extreme events affect humans and their animal co-inhabitants on our shared planet. This book features a first-of-its-kind, comprehensive text addressing human-animal interactions (HAIs) in the context of climate change, disasters, and other crises. This book presents international professionals? HAI-driven leading ideas, debates, approaches, and promising efforts, providing a range of perspectives across the entire disaster cycle from the Global South and North. Their knowledge, experience, and expertise contribute to a nuanced understanding of disaster-specific HAIs, shedding light on enhancing human-animal welfare, promoting trans-species justice, and building resilience. Students, researchers, educators, practitioners, policymakers, and others can apply this expertise to enhance human-animal welfare and resilience in the global disaster settings. Haorui Wu is the Canada Research Chair in Resilience and an associate professor in the School of Social Work, the Faculty of Health at Dalhousie University, Canada. His interdisciplinary research examines disaster-driven human-animal interactions through the lens of trans-species justice. Kyle Breen is an assistant professor of sociology at Texas A&M International University, USA. His research focuses on educational impacts post-disaster, disaster impacts to historically marginalized populations, and disaster volunteerism. Sarah E. DeYoung is a core faculty member in the Disaster Research Center and an associate professor in the Department of Sociology & Criminal Justice, University of Delaware, USA. Her expertise is within the areas of vulnerable populations in disasters, evacuation decision-making, and public health in disasters. The chapter "Working Equids in Disasters: Local Concerns and Inspirations" is available open access under a Creative Commons Attribution 4.0 International License via link.springer.com. 410 0$aSocial Sciences Series 606 $aEnvironmental sciences$xSocial aspects 606 $aHuman ecology 606 $aVeterinary medicine 606 $aHuman services 606 $aEnvironmental Social Sciences 606 $aEnvironmental Anthropology 606 $aVeterinary Science 606 $aSocial Work Policy 615 0$aEnvironmental sciences$xSocial aspects. 615 0$aHuman ecology. 615 0$aVeterinary medicine. 615 0$aHuman services. 615 14$aEnvironmental Social Sciences. 615 24$aEnvironmental Anthropology. 615 24$aVeterinary Science. 615 24$aSocial Work Policy. 676 $a304.2 702 $aWu$b Haorui$4edt$4http://id.loc.gov/vocabulary/relators/edt 702 $aBreen$b Kyle$4edt$4http://id.loc.gov/vocabulary/relators/edt 702 $aDeYoung$b Sarah E$4edt$4http://id.loc.gov/vocabulary/relators/edt 801 0$bMiAaPQ 801 1$bMiAaPQ 801 2$bMiAaPQ 906 $aBOOK 912 $a9911040913103321 996 $aThe Palgrave Handbook of Human-Animal Interactions in the Global Context of Climate Change, Disasters, and Other Crises$94463642 997 $aUNINA